000 01051nam0a22002411 4500
001 rc\2787582
005 20260406204807.0
035 _a(NLR Aleph) 006913773
090 _a7374691
_c7374691
100 _a20110915d1935 |||y0rusy50 ca
101 0 _arus
102 _aRU
105 _aa z |||||
200 1 _aИнструкция рядовой съемщице и планочнице (старшей съемщице) на ватерах хлопчатобумажной промышленности
_fЦентр. науч.-иссл. ин-т труда и легкой пром-сти Цитлегпром
210 _aМосква
_aЛенинград
_cГизлегпром
_d1935
_e[Москва]
_gтип. "Кр. звезда"
215 _aОбл., 20 с.
_cил.
_d20х13 см.
712 0 2 _4570
_aЦНИИ труда легкой промышленности
_cМосква
_3RU\NLR\AUTH\889965257
_9426756
801 0 _aRU
_bNLR
_gpsbo
801 1 _aRU
_bELAR
_2rusmarc
852 _aNLR
_j35-10/2419
942 _cBOOK
980 _aNB